Raja Rammohan Roy / (Record no. 79585)

MARC details
000 -LEADER
fixed length control field 00826nam a22002537a 4500
005 - DATE AND TIME OF LATEST TRANSACTION
control field 20150921121326.0
010 ## - LCCN (DPL NO)
LC control number B-495474-489 ENG-113867
020 ## - INTERNATIONAL STANDARD BOOK NUMBER
International Standard Book Number 9789350248355
Terms of availability 550.00
035 ## - SYSTEM CONTROL NUMBER
System control number EN-97399
037 ## - SOURCE OF ACQUISITION
Source of stock number/acquisition HPH/Ven
Stock number dpl
037 ## - SOURCE OF ACQUISITION
Source of stock number/acquisition DBAD/PUB
082 ## - DEWEY DECIMAL CLASSIFICATION NUMBER
Classification number 921
245 ## - TITLE STATEMENT
Title Raja Rammohan Roy /
Statement of responsibility, etc edited by M.A. Khan [and] N.P.Sharma
260 ## - PUBLICATION, DISTRIBUTION, ETC. (IMPRINT)
Place of publication, distribution, etc Mumbai
Name of publisher, distributor, etc Himalaya Books
Date of publication, distribution, etc 2011
270 ## - ADDRESS
Address Ramdoot Dr. Bhalerao Marg, Girgaon
City Mumbai
Postal code 400004
300 ## - PHYSICAL DESCRIPTION
Extent 275p.
Dimensions 22cm(Hb)
490 ## - SERIES STATEMENT
Series statement edited by M.H. Syed
500 ## - GENERAL NOTE
General note Includes bibliographical references and index
700 ## - ADDED ENTRY--PERSONAL NAME
Personal name Khan, M.A.
700 ## - ADDED ENTRY--PERSONAL NAME
Personal name Sharma, N.P.
700 ## - ADDED ENTRY--PERSONAL NAME
Personal name Syed, M.H.
942 ## - ADDED ENTRY ELEMENTS (KOHA)
Source of classification or shelving scheme Dewey Decimal Classification
Item type English Books
Call number suffix RAJ
Classification part 921
Holdings
Withdrawn status Lost status Not for loan Collection code Home library Current library Date acquired Source of acquisition Cost, normal purchase price Full call number Barcode Copy number Cost, replacement price Koha item type
      Non-fiction Bagh Kadhe Khan Bagh Kadhe Khan 25/10/2013 HPH/A443489/09.03.2013/170/09.03.2013/15.03.2013 550.00 921 RAJ B-495485 1 550.00 English Books
      Non-fiction Bawana Bawana 25/10/2013 HPH/A443489/09.03.2013/170/09.03.2013/15.03.2013 550.00 921 RAJ B-495487 1 550.00 English Books
      Non-fiction Central Jail Tihar Central Jail Tihar 25/10/2013 HPH/A443489/09.03.2013/170/09.03.2013/15.03.2013 550.00 921 RAJ B-495481 1 550.00 English Books
      Non-fiction Central Library Central Library 25/10/2013 HPH/A443489/09.03.2013/170/09.03.2013/15.03.2013 550.00 921 RAJ B-495474 1 550.00 English Books
    Not For Loan Non-fiction D.B.Act.Division D.B.Act.Division 18/08/2015 DBAD/PUB 550.00 920 RAJ EN-97399 1 550.00 English Books
      Non-fiction Janak Puri Janak Puri 25/10/2013 HPH/A443489/09.03.2013/170/09.03.2013/15.03.2013 550.00 921 RAJ B-495482 1 550.00 English Books
      Non-fiction Karol Bagh Karol Bagh 25/10/2013 HPH/A443489/09.03.2013/170/09.03.2013/15.03.2013 550.00 921 RAJ B-495483 1 550.00 English Books
      Non-fiction Kasturba Gandhi Marg Kasturba Gandhi Marg 25/10/2013 HPH/A443489/09.03.2013/170/09.03.2013/15.03.2013 550.00 921 RAJ B-495478 1 550.00 English Books
      Non-fiction Mobile Library Mobile Library 25/10/2013 HPH/A443489/09.03.2013/170/09.03.2013/15.03.2013 550.00 921 RAJ B-495475 2 550.00 English Books
      Non-fiction Mobile Library Mobile Library 25/10/2013 HPH/A443489/09.03.2013/170/09.03.2013/15.03.2013 550.00 921 RAJ B-495476 2 550.00 English Books
      Non-fiction Narela Narela 25/10/2013 HPH/A443489/09.03.2013/170/09.03.2013/15.03.2013 550.00 921 RAJ B-495486 1 550.00 English Books
      Non-fiction New Rohtak Road New Rohtak Road 25/10/2013 HPH/A443489/09.03.2013/170/09.03.2013/15.03.2013 550.00 921 RAJ B-495484 1 550.00 English Books
      Non-fiction Patel Nagar Patel Nagar 25/10/2013 HPH/A443489/09.03.2013/170/09.03.2013/15.03.2013 550.00 921 RAJ B-495477 1 550.00 English Books
      Non-fiction Patel Nagar Patel Nagar 25/10/2013 HPH/A443489/09.03.2013/170/09.03.2013/15.03.2013 550.00 921 RAJ B-495489 1 550.00 English Books
      Non-fiction Peshwa Road Peshwa Road 25/10/2013 HPH/A443489/09.03.2013/170/09.03.2013/15.03.2013 550.00 921 RAJ B-495479 1 550.00 English Books
      Non-fiction Shahdara Branch Shahdara Branch 25/10/2013 HPH/A443489/09.03.2013/170/09.03.2013/15.03.2013 550.00 921 RAJ B-495488 1 550.00 English Books
      Non-fiction Tri Nagar Tri Nagar 25/10/2013 HPH/A443489/09.03.2013/170/09.03.2013/15.03.2013 550.00 921 RAJ B-495480 1 550.00 English Books

© Delhi Public Library
Hit Counter
free hit counter